000 nam a22 7a 4500
999 _c10429
_d10429
008 180217b ||||| |||| 00| 0 eng d
100 _aCosmos
_96314
245 _aCreative English-4
260 _aNew Delhi
_bGoyal
_c2010